Statistics for Premier League top scorers by year

Click here to take the quiz!

General Stats

  • This quiz has been taken 37 times
  • The average score is 11 of 12

Answer Stats

YearGoalsTeamAnswer% Correct
2016/201729SpursHarry Kane
100%
2015/201625SpursHarry Kane
100%
2014/201526Man CitySergio Agüero
100%
2009/201029ChelseaDidier Drogba
93%
2006/200720ChelseaDidier Drogba
93%
2013/201431LiverpoolLuis Suarez
93%
2012/201326Man UnitedRobin van Persie
93%
2011/201230ArsenalRobin van Persie
93%
2005/200627ArsenalThierry Henry
89%
2007/200831Man UnitedCristiano Ronaldo
86%
2010/201120Man UnitedDimitar Berbatov
71%
2008/200919ChelseaNicolas Anelka
64%

Score Distribution

Percentile by Number Answered

Percent of People with Each Score

Your Score History

You have not taken this quiz